00868nmm a22002175u 450000500170000000800410001702000180005805000280007610000190010424501110012325000110023426000350024530000160028065000780029665001000037465000560047470000220053071000340055277300200058685600440060620200708055722.0100301s2005 xx j eng d a978140203090104aHD2746.55.E86bV65 20051 aVoigt, Stefan.10aMaking European Merger Policy More Predictableh[electronic resource] /cby Stefan Voigt, André Schmidt. a1a ed. aBoston, MA :bSpringer,c2005. bv.: digital 4aCompañías consolidadas zPaíses de la Comunidad Económica Europea 0aCompetencia económica xPolitica gubernamentalz Países de la Comunidad Económica Europea 0aLeyes antimonopoliozPaíses de la Unión Europea1 aSchmidt, André.2 aSpringerLink (Online service)0 tSpringer eBooks40uhttp://dx.doi.org/10.1007/1-4020-3090-8